Statistics for Random Trivia Quiz #8

Click here to take the quiz!

General Stats

  • This quiz has been taken 29 times
  • The average score is 8 of 24

Answer Stats

HintAnswer% Correct
Legendary creature in Chinese mythology, also known as the Long or Lung, often a symbol of power or good luckDragon
64%
A city in the middle-east famous for its Western Wall, Dome of the Rock and Via Dolorosa and Stations of the CrossJerusalem
56%
Conflict also known as "The Forgotten War" started in 1950, fought between the two leaders Syngman Rhee and Kim Il-sungKorean War
56%
Famous musician who died in a plane-crash on February 3 1959 together with Ritchie Valens and The Big BopperBuddy Holly
52%
American baseball player, nicknamed "The Bambino" and "The Sultan of Swat", famous for his period in the New York YankeesBabe Ruth
48%
Countess of Mercia who rode naked through the streets of Coventry only covered by her hairLady Godiva
48%
German tennis player with 22 Grand Slam titles which makes her the third most successful female players of all timeSteffi Graf
44%
Former president and dictator of Chile for 17 years, implemented economic liberalization and banned trade unionsAugusto Pinochet
40%
The fifth book in the Bible named after the greek words for "second law"Book of Deuteronomy
40%
A county of England reaching between the Bristol Channel and the English Channel on the Cornwall peninsulaDevon
36%
The capital of the island Bermuda, a character created by the author Jan Guillou and one of the founding fathers of AmericaHamilton
36%
A region of Italy with a flag with green representing the Po Valley and white representing the Rosa Camuna, its capital is MilanLombardy
36%
The fruit which is prominent in the Slovak proverb "Jablko nepadá ďaleko od stromu"Apple
32%
Chinese nationalist politician and military leader in the Republic of China until his death in 1975, had to flee to Taiwan after the Communist win in the Civil WarChiang Kai-shek
32%
Former Ukrainian pole vaulter, representing the Soviet Union until 1991, broke the world record for men 35 times and won a Olympic gold medal in 1988Sergey Bubka
28%
Greek virgin goddess of the hearth, only Olympic deity not to be depictedHestia
24%
American actress born in Budapest, Hungary in 1917, was crowned Miss Hungary and appeared in "Moulin Rouge"Zsa Zsa Gabor
24%
A mathematical constant found in the Fibonacci numbers and is approximately 1,618...Phi
20%
"All I'm askin' is for a little ... when you come home"Respect
20%
A music genre from Jamaica in the 50's with songs like "My Boy Lollipop" and "Forward March" predecessor to rocksteady and reggaeSka
20%
A Japanese film from 1997 directed by Hayao Miyazaki, animated by Studio Ghibli and follows the prince Ashitaka and his struggle between forest gods and humansPrincess Mononoke
12%
The tea made from these flowers are served both hot and cold in the entire world, known for its red colour, tart flavour and vitamin C contentHibiscus
8%
The teacher and neighbour in the American sitcom "Boy meets world" portrayed by William DanielsMr. Feeny
8%
The area between the islands of Borneo and Sulawesi in the Indonesian archipelagoMakassar Strait
0%

Score Distribution

Percentile by Number Answered

Percent of People with Each Score

Your Score History

You have not taken this quiz